| 000 | 00579nam a2200229Ia 4500 | ||
|---|---|---|---|
| 005 | 20250425162819.0 | ||
| 008 | 250425s9999 xx 000 0 und d | ||
| 020 | _a9780470900666 | ||
| 041 | _aeng | ||
| 044 | _a-us | ||
| 082 |
_a624.25 _pBAR |
||
| 100 | _aBARKER, RICHARD M | ||
| 245 | 0 | _aDESIGN OF HIGHWAY BRIDGES: AN LRFD APPROACH | |
| 250 | _a3RD ED. | ||
| 264 |
_aEstados Unidos, NEW YORK _bJOHN WILEY & SON _c2013. |
||
| 300 | _a528 | ||
| 650 | _aDISEÑO Y CONSTRUCCIÓN | ||
| 650 | _aPUENTES | ||
| 700 | _aPUCKETT, JAY A. | ||
| 942 | _c01 | ||
| 010 | _a110031 | ||
| 999 |
_c236965 _d236965 |
||